| 000 | 00527nam a2200169 i 4500 | ||
|---|---|---|---|
| 001 | 47064 | ||
| 003 | ES-MaACL | ||
| 005 | 20230906161509.0 | ||
| 007 | t| | ||
| 008 | 030403s1934 po ||||1| fre d | ||
| 110 | 1 |
_aPortugal. _96240 |
|
| 240 | 1 | 0 |
_aConstitución. _f1934 |
| 245 | 1 | 0 |
_aConstitución politique de la Republique Portugaise _b: aprouvée par le Plebiscite National du 19 mars 1934 : l'acte colonial. |
| 260 |
_aLisbonne : _bEditions S.P.N., _c1934. |
||
| 300 |
_a67 p. ; _c20 cm. |
||
| 852 |
_aES-MaACL _j1812-F-8 |
||
| 999 |
_c47064 _d47064 |
||